<?xml version="1.0" encoding="UTF-8"?>
<record
    xmlns:xsi="http://www.w3.org/2001/XMLSchema-instance"
    xsi:schemaLocation="http://www.loc.gov/MARC21/slim http://www.loc.gov/standards/marcxml/schema/MARC21slim.xsd"
    xmlns="http://www.loc.gov/MARC21/slim">

  <leader>02907nam a2200517Ia 4500</leader>
  <controlfield tag="001">dia_3168</controlfield>
  <controlfield tag="003">CHAP</controlfield>
  <controlfield tag="005">20240228115823.0</controlfield>
  <controlfield tag="007">ta</controlfield>
  <controlfield tag="008">220117s2005    mx od  f      001 0 spa d</controlfield>
  <datafield tag="040" ind1=" " ind2=" ">
    <subfield code="c">CHAP</subfield>
    <subfield code="a">mxchpua</subfield>
  </datafield>
  <datafield tag="090" ind1=" " ind2=" ">
    <subfield code="a">T.C.405 </subfield>
    <subfield code="b">B84 IA </subfield>
    <subfield code="c">2005</subfield>
  </datafield>
  <datafield tag="245" ind1="1" ind2="0">
    <subfield code="a">Viaje de estudios : </subfield>
    <subfield code="b">Veracruz, Puebla y Tlaxcala /</subfield>
    <subfield code="c">coordinadora Mar&#xED;a Ofelia Buend&#xED;a Gonz&#xE1;lez ; colaboradores Griselda Alc&#xE1;ntara S&#xE1;nchez...[et al.]</subfield>
  </datafield>
  <datafield tag="260" ind1=" " ind2=" ">
    <subfield code="a">M&#xE9;xico :</subfield>
    <subfield code="b">El autor,</subfield>
    <subfield code="c">2005</subfield>
  </datafield>
  <datafield tag="300" ind1=" " ind2=" ">
    <subfield code="a">i, 146 hojas :</subfield>
    <subfield code="b">ilustraciones, gr&#xE1;ficas, mapas, diagramas, fotos</subfield>
  </datafield>
  <datafield tag="336" ind1=" " ind2=" ">
    <subfield code="2">rdacontent</subfield>
    <subfield code="a">texto</subfield>
    <subfield code="b">txt</subfield>
  </datafield>
  <datafield tag="337" ind1=" " ind2=" ">
    <subfield code="2">rdamedia</subfield>
    <subfield code="a">sin medio</subfield>
    <subfield code="b">n</subfield>
  </datafield>
  <datafield tag="338" ind1=" " ind2=" ">
    <subfield code="2">rdacarrier</subfield>
    <subfield code="a">volumen</subfield>
    <subfield code="b">nc</subfield>
  </datafield>
  <datafield tag="500" ind1=" " ind2=" ">
    <subfield code="a">4&#xB0; a&#xF1;o Grupo 1
Incluye directorio</subfield>
  </datafield>
  <datafield tag="502" ind1=" " ind2=" ">
    <subfield code="a">Viaje de Estudios</subfield>
    <subfield code="b">(IA) --</subfield>
    <subfield code="c">UACh. Departamento de Ingenier&#xED;a Agroindustrial,</subfield>
    <subfield code="d">2005</subfield>
  </datafield>
  <datafield tag="504" ind1=" " ind2=" ">
    <subfield code="a">Incluye bibliograf&#xED;as</subfield>
  </datafield>
  <datafield tag="505" ind1=" " ind2=" ">
    <subfield code="t">Empresas visitadas: --
1. Cebadas y Maltas, S. A. de C. V. -- 
2. Xochicualli: frutas y hortalizas deshidratadas -- 
3. Galletera de Puebla, S. A. --
4. ITALPASTA -- 
5. Frigor&#xED;fico La Brisas -- 
6. Productos Agropecuarios Beristain, S. A. de C. V. -- 
7. Rastro municipal de Tehuac&#xE1;n, Puebla -- 
8. Frigor&#xED;fico Papaloapan -- 
9. FRUTAG, S.  de P. R. de R. L. de C. V. -- 
10. Compa&#xF1;&#xED;a Cervecera del Tr&#xF3;pico -- 
11. Molinos Azteca de Veracruz, S. A. de C. V. -- 
12. Transporte de carga Especializada, S. A. de C. V. -- 
13. Centro Regional Universitario de Oriente -- 
14. Licores La Fama, S. A. -- 
15. Finca Cafetelera La Misi&#xF3;n -- 
16. Uni&#xF3;n Regional de Peque&#xF1;os Productores de Caf&#xE9;, Agropecuaria, Forestal y de Agroindustrias de la zona de Huatusco, Veracruz, S. de S. S. -- 
17. Av&#xED;cola Alvor, S. A. de C. V. -- 
18. Cervecer&#xED;a Cuauhtemoc Moctezuma, Planta Orizaba</subfield>
  </datafield>
  <datafield tag="650" ind1="1" ind2="3">
    <subfield code="a">Industria agr&#xED;cola</subfield>
    <subfield code="x">  </subfield>
    <subfield code="z">M&#xE9;xico</subfield>
    <subfield code="z">Puebla</subfield>
  </datafield>
  <datafield tag="650" ind1="1" ind2="3">
    <subfield code="a">Industria agr&#xED;cola</subfield>
    <subfield code="z">M&#xE9;xico</subfield>
    <subfield code="z">Tlaxcala</subfield>
  </datafield>
  <datafield tag="650" ind1="1" ind2="3">
    <subfield code="a">Industria agr&#xED;cola</subfield>
    <subfield code="z">M&#xE9;xico</subfield>
    <subfield code="z">Veracruz</subfield>
  </datafield>
  <datafield tag="650" ind1="1" ind2="7">
    <subfield code="a">Industria cervecera</subfield>
    <subfield code="9">57799</subfield>
  </datafield>
  <datafield tag="650" ind1="1" ind2="3">
    <subfield code="a">Industria de los alimentos  </subfield>
    <subfield code="z">M&#xE9;xico</subfield>
    <subfield code="z">Puebla</subfield>
  </datafield>
  <datafield tag="650" ind1="1" ind2="3">
    <subfield code="a">Industria de los alimentos  </subfield>
    <subfield code="z">M&#xE9;xico</subfield>
    <subfield code="z">Tlaxcala</subfield>
  </datafield>
  <datafield tag="650" ind1="1" ind2="3">
    <subfield code="a">Industria de los alimentos  </subfield>
    <subfield code="x">  </subfield>
    <subfield code="z">M&#xE9;xico</subfield>
    <subfield code="z">Veracruz</subfield>
  </datafield>
  <datafield tag="650" ind1="1" ind2="3">
    <subfield code="a">Agricultural industry  </subfield>
    <subfield code="z">Mexico</subfield>
    <subfield code="z">Puebla </subfield>
  </datafield>
  <datafield tag="650" ind1="1" ind2="3">
    <subfield code="a">Agricultural industry  </subfield>
    <subfield code="z">Mexico</subfield>
    <subfield code="z">Tlaxcala</subfield>
  </datafield>
  <datafield tag="650" ind1="1" ind2="3">
    <subfield code="a">Brewing industry  </subfield>
    <subfield code="9">151423</subfield>
  </datafield>
  <datafield tag="650" ind1="1" ind2="3">
    <subfield code="a">Agricultural industry  </subfield>
    <subfield code="z">Mexico</subfield>
    <subfield code="z">Veracruz</subfield>
  </datafield>
  <datafield tag="650" ind1="1" ind2="3">
    <subfield code="a">Food industry  </subfield>
    <subfield code="z">Mexico</subfield>
    <subfield code="z">Puebla </subfield>
  </datafield>
  <datafield tag="650" ind1="1" ind2="3">
    <subfield code="a">Food industry  </subfield>
    <subfield code="z">Mexico</subfield>
    <subfield code="z">Tlaxcala</subfield>
  </datafield>
  <datafield tag="650" ind1="1" ind2="3">
    <subfield code="a">Food industry  </subfield>
    <subfield code="z">Mexico</subfield>
    <subfield code="z">Veracruz</subfield>
  </datafield>
  <datafield tag="700" ind1="1" ind2=" ">
    <subfield code="a">Buend&#xED;a Gonz&#xE1;lez, Mar&#xED;a Ofelia</subfield>
    <subfield code="9">150532</subfield>
    <subfield code="e">coordinadora</subfield>
  </datafield>
  <datafield tag="700" ind1="1" ind2=" ">
    <subfield code="a">Alcantara S&#xE1;nchez, Griselda</subfield>
    <subfield code="9">154218</subfield>
    <subfield code="e">colaboradora</subfield>
  </datafield>
  <datafield tag="901" ind1=" " ind2=" ">
    <subfield code="a">T.C.405 B84 IA 2005</subfield>
  </datafield>
  <datafield tag="902" ind1=" " ind2=" ">
    <subfield code="a">M</subfield>
  </datafield>
  <datafield tag="905" ind1=" " ind2=" ">
    <subfield code="a">5232272005                          mx dnm 8223123322spa16</subfield>
  </datafield>
  <datafield tag="942" ind1=" " ind2=" ">
    <subfield code="2">local</subfield>
  </datafield>
  <datafield tag="942" ind1=" " ind2=" ">
    <subfield code="c">VE</subfield>
  </datafield>
  <datafield tag="999" ind1=" " ind2=" ">
    <subfield code="c">173666</subfield>
    <subfield code="d">173666</subfield>
  </datafield>
  <datafield tag="952" ind1=" " ind2=" ">
    <subfield code="0">0</subfield>
    <subfield code="1">0</subfield>
    <subfield code="2">local</subfield>
    <subfield code="4">0</subfield>
    <subfield code="5">1</subfield>
    <subfield code="7">0</subfield>
    <subfield code="8">VE</subfield>
    <subfield code="a">IA_</subfield>
    <subfield code="b">IA_</subfield>
    <subfield code="d">2022-01-18</subfield>
    <subfield code="e">El autor</subfield>
    <subfield code="l">0</subfield>
    <subfield code="o">T.C.405 B84 IA 2005</subfield>
    <subfield code="p">1106008579</subfield>
    <subfield code="r">2026-01-26 00:00:00</subfield>
    <subfield code="t">Ej. 1</subfield>
    <subfield code="y">VE</subfield>
  </datafield>
  <datafield tag="952" ind1=" " ind2=" ">
    <subfield code="0">0</subfield>
    <subfield code="1">0</subfield>
    <subfield code="2">local</subfield>
    <subfield code="4">0</subfield>
    <subfield code="5">5</subfield>
    <subfield code="7">0</subfield>
    <subfield code="8">VE</subfield>
    <subfield code="a">IA_</subfield>
    <subfield code="b">IA_</subfield>
    <subfield code="d">2022-06-17</subfield>
    <subfield code="e">El autor</subfield>
    <subfield code="l">0</subfield>
    <subfield code="o">T.C.405 B84 IA 2005</subfield>
    <subfield code="p">1106013339</subfield>
    <subfield code="r">2026-01-26 00:00:00</subfield>
    <subfield code="t">Ej. 2</subfield>
    <subfield code="y">VE</subfield>
  </datafield>
</record>
